| 000 -CABECERA |
| Longitud fija campo de control |
00876nam a2200253 i 4500 |
| 003 - IDENTIFICADOR DEL NÚMERO DE CONTROL |
| Identificador del número de control |
OSt |
| 005 - FECHA Y HORA DE LA ÚLTIMA TRANSACCIÓN |
| Fecha y hora de la última transacción |
20210715155412.0 |
| 008 - CÓDIGOS DE INFORMACIÓN DE LONGITUD FIJA |
| Códigos de información de longitud fija |
200311s2019 fr ||||gr|||||0|| |bfre|c |
| 020 ## - NÚMERO INTERNACIONAL NORMALIZADO PARA LIBROS |
| Número Internacional Normalizado para Libros (ISBN) |
9782362200588 |
| 040 ## - FUENTE DE LA CATALOGACIÓN |
| Centro catalogador de origen |
ES-BaUAB |
| Lengua de catalogación |
cat |
| Normas de descripción |
rda |
| Centro transcriptor |
ES-BaUAB |
| 100 ## - PUNTO DE ACCESO PRINCIPAL-NOMBRE DE PERSONA |
| Nombre de persona |
Sempé, Jean-Jacques |
| Fechas asociadas al nombre |
1932-) |
| 9 (RLIN) |
4646 |
| 245 10 - MENCIÓN DE TÍTULO |
| Título |
Sempé : |
| Resto del título |
100 cartoons for press freedom |
| 246 3# - VARIANTES DE TÍTULO |
| Título propio / Título en breve |
Sempé : one hundred cartoons for press freedom |
| 264 #1 - PRODUCCIÓN, PUBLICACIÓN , DISTRIBUCIÓN, FABRICACIÓN Y COPYRIGHT |
| Lugar de producción, publicación, distribución, fabricación |
Paris : |
| Nombre del productor, editor, distribuidor, fabricante |
Reporters sans Frontieres, |
| Fecha de de producción, publicación, distribución, fabricación o copyright |
2019 |
| 300 ## - DESCRIPCIÓN FÍSICA |
| Extensión |
[144] pàgines : |
| Otras características físicas |
fotografies ; |
| Dimensiones |
30 cm |
| 336 ## - TIPO DE CONTENIDO |
| Término de tipo de contenido |
text |
| Código de tipo de contenido |
txt |
| Fuente |
rdacontent |
| 336 ## - TIPO DE CONTENIDO |
| Término de tipo de contenido |
imatge fixa |
| Código de tipo de contenido |
sti |
| Fuente |
rdacontent] |
| 337 ## - TIPO DE MEDIO |
| Nombre del tipo de medio |
sense mediació |
| Código del tipo de medio |
n |
| Fuente |
rdamedia] |
| 338 ## - TIPO DE SOPORTE |
| Nombre del tipo de soporte |
volum |
| Código del tipo de soporte |
nc |
| Fuente |
rdacarrier |
| 490 0# - MENCIÓN DE SERIE |
| Mención de serie |
Reporters without borders ; |
| Designación de volumen o secuencia |
61 |
| 650 #4 - PUNTO DE ACCESO ADICIONAL DE MATERIA - TÉRMINO DE MATERIA |
| Término de materia o nombre geográfico como elemento inicial |
Llibertat de premsa- |
| Subdivisión de materia general |
Obres humorístiques |
| 710 2# - PUNTO DE ACCESO ADICIONAL - NOMBRE DE ENTIDAD |
| Nombre de entidad o nombre de jurisdicción como elemento inicial |
Reporters Sans Frontières |
| 9 (RLIN) |
1923 |
| 942 ## - ENTRADA DE ELEMENTOS AGREGADOS (KOHA) |
| Fuente de clasificaión o esquema |
|
| Koha [por defecto] tipo de item |
Monografies |